00000000cam 2200000zi 4500
0019.962722
003CaOODSP
00520260515135702
006m     o  d f      
007cr mn|||||||||
008260512t19971997nkcab   o    f000 0 eng d
040 |aCaOODSP|beng|erda|cCaOODSP
043 |an-cnm--|aln-----
045 |ax9x9
0861 |aFs97-4/2434E-PDF|zFs97-04/2434E|zFs97-4/2434E
1001 |aHurlbut, Thomas, |eauthor.
24510|aResults of the 1995 end of season survey of groundfish fishers from the southern Gulf of St. Lawrence / |cThomas Hurlbut.
264 1|aMoncton, N.B. : |bDepartment of Fisheries and Oceans, Science Branch, Maritimes Region, Gulf Fisheries Center, |c1997.
264 4|c©1997
300 |a1 online resource (vi, 35 pages) : |billustrations, maps.
336 |atext|btxt|2rdacontent
337 |acomputer|bc|2rdamedia
338 |aonline resource|bcr|2rdacarrier
4901 |aCanadian manuscript report of fisheries and aquatic sciences, |y0706-6473 ; |vno. 2434E
500 |aDigitized edition from print [produced by Department of Fisheries and Oceans].
520 |a"The current closure of many groundfish fisheries throughout Atlantic Canada was precipitated by substantial declines, over the past 8 to 10 years, in the catch of groundfish, particularly in the inshore fishery. This has obviously been a major concern for the people involved in this sector of the fishery and the Department of Fisheries and Oceans (D.F.O.). Attempts to understand the reasons for this decline have been hampered to a certain extent, by a lack of information from the perspective of the actual participants in the fishery. The information that is lacking includes perceptions of stock abundance and environmental conditions, the impact of seals, dogfish, markets, fishery management actions, etc. Although public meetings with the groundfish industry and D.F.O. biologists have become commonplace since the moratoria, it is debatable whether the views and opinions expressed at these meetings, actually reflect the perceptions of active fishermen. To address this need a telephone survey was conducted of the participants that were active in the 1995 southern Gulf groundfish fishery. This document reports the results of this survey"--Introduction, pages 1-2.
650 0|aGroundfish fisheries|zSaint Lawrence, Gulf of|xPublic opinion.
650 0|aPublic opinion|zMaritime Provinces.
650 0|aFishers|zMaritime Provinces|xAttitudes.
650 6|aPoissons de fond|xPêche commerciale|zSaint-Laurent, Golfe du|xOpinion publique.
650 6|aOpinion publique|zProvinces maritimes.
650 6|aPêcheurs|zProvinces maritimes|xAttitudes.
7101 |aCanada. |bDepartment of Fisheries and Oceans, |eissuing body.
7102 |aGulf Fisheries Centre (Canada), |eissuing body.
830#0|aCanadian manuscript report of fisheries and aquatic sciences ;|vno. 2434E.|w(CaOODSP)9.505211
85640|qPDF|s914 KB|uhttps://publications.gc.ca/collections/collection_2026/mpo-dfo/fs97-4/Fs97-4-2434-eng.pdf